Matemáticas : curso 1 ESO

Gespeichert in:
Bibliographische Detailangaben
Weitere Verfasser: Carrasco Prieto, María Amor
Format: Buch
Sprache:Spanisch
Erschienen: [Madrid] : Edelvives, D.L. 2010
Katalog:MANES:  Suchergebnis im Bibliothekskatalog
Schulbuchspezifische Eigenschaften:
Schriftenreihe:Proyecto Aula 360º
Tags: Tag hinzufügen
Keine Tags, Fügen Sie den ersten Tag hinzu!
Hinzugefügt zu:10.05.2011
Geändert in:07.05.2025

MARC

LEADER 00000cam a2200000 i 4500
005 20250507134346.0
008 110511s2010 espa fp 000 0 spa d
020 |a 9788426375346 (oc)  |a 9788426375438 (V.1)  |a 9788426375445 (V.2)  |a 9788426375452 (V.3) 
040 |a uned  |b spa  |c entro-manes 
245 0 0 |a Matemáticas :   |b curso 1 ESO /   |c autores, Mª Amor Carrasco Prieto ... [et al.] ; revisores técnicos, Ana Teresa Sánchez Mendo, Vidal Quiralte Fuentes 
246 1 4 |a Mate_01 
260 |a [Madrid] :   |b Edelvives,   |c D.L. 2010 
300 |a 3 v. :   |b il. 
490 0 |a Proyecto Aula 360º 
505 0 |a Contiene:   |g V.1.   |t primer trimestre -   |g V. 2.   |t segundo trimestre -   |g V.3.   |t tercer trimestre 
546 |a España 
561 |5 es-BUNED  |3 L.T.M. 3056  |a España. Fondo Manes UNED  |k MANES 
690 0 |a MATE 
691 0 |a PRI 
700 1 |a Carrasco Prieto, María Amor  |9 36463 
942 |2 ddc  |c BK 
999 |c 92563  |d 92563 
999 |c manes:92563  |d 92563